Revue francaise du marketing

Uložené v:
Podrobná bibliografia
Médium: Seriál
Jazyk:French
Vydavateľské údaje: Paris Dunod 1977
Tagy: Pridať tag
Žiadne tagy, Buďte prvý, kto otaguje tento záznam!

MARC

LEADER 00000nas2a2200000$$$4500
001 0018655
005 20250730114401.6
041 0 |a fre 
044 |a FR 
245 1 0 |a Revue francaise du marketing 
264 1 |a Paris  |b Dunod  |c 1977 
300 |a 1 zv. 
773 0 |w eu_un_cat*0018650